00603nam a2200193Ii 450000100060000000300090000600800410001502000150005604000330007104100080010408200150011210000160012724500840014326400890022730000120031633600260032833700280035433800270038215765CO-ViMGA241108s9999||||xx |||||||||||||| ||und|| a9589619835 aCO-ViMGAbspaerdacCO-ViMGA0 aspa04a928.82 G261 aGeorge Sand10aGeorge Sand, ó :bla lucha por la libertad de pensar, de existir, de crear... 1aBogotá, Colombia : Fundación Gilberto Alzate Avendaño : Alcaldía Mayor, 2004 avolumen atextbtxt2rdacontent aunmediatedbn2rdamedia avolumebnc2rdacarrier